Umění čínských zahrad

Gespeichert in:
Bibliographische Detailangaben
Hauptverfasser: Hrdličková, Věna (Verfasst von), Hrdlička, Zdeněk (Verfasst von)
Weitere Verfasser: Thoma, Zdeněk (Fotografie)
Format: Buch
Sprache:Tschechisch
Veröffentlicht: Praha : ARGO, 1997
Schlagworte:
Tags: Tag hinzufügen
Keine Tags, Fügen Sie das erste Tag hinzu!

MARC

LEADER 00000nam a22000003a 4500
001 stu49575
005 20150617225708.9
008 990506s1997------------------------cze-d
020 |a 80-7203-167-8 
040 |a STU  |b slo 
041 0 |a cze 
100 1 |a Hrdličková, Věna  |4 aut 
245 1 |a Umění čínských zahrad 
260 |a Praha :  |b ARGO,  |c 1997 
300 |a 167 s 
650 7 |a záhrady_architektúra  |2 stusub 
650 7 |a čínske záhrady  |2 stusub 
700 1 |a Hrdlička, Zdeněk  |4 aut 
700 1 |a Thoma, Zdeněk  |4 pht 
996 |b 284AU02940  |c A*3294 U  |l AAKNST  |s P  |a 0  |w stu49575_0001